LDR 00896naa#a2200181#i#450# 001 RU\\bibl\20041 005 20260701190933.3 100 ## _a20260630b2026####ek#y0rusy0150####ca 102 ## _aRU 200 1# _aРАЗРАБОТКА WEB-ОРИЕНТИРОВАННОЙ ИНФОРМАЦИОННОЙ СИСТЕМЫ ПОДДЕРЖКИ ПРИНЯТИЯ РЕШЕНИЙ _eСтатья/тезисы конференции 210 1# _aВоронеж _cВоронежский государственный лесотехнический университет имени Г.Ф. Морозова _d2026 215 ## _a6 с. 608 ## _aСтатья/тезисы конференции _2local 675 ## _aСпособы задания и реализации автоматов. 519.713.1 _z 700 #1 _aОсипов _gМ. А. 700 #1 _aЧечукова _gК. О. 700 #1 _aАвилова _gО. А. 856 4# _abibl.vgltu.ru _u